[Event "Wuerttemberg-ch KT"]
[Site "Gruenbach"]
[Date "2014.09.03"]
[Round "5"]
[White "Schoembs, Oliver"]
[Black "Stark, Sven"]
[Result "1-0"]
[WhiteElo "1856"]
[BlackElo "1841"]
[PlyCount "67"]
[EventDate "2014.08.30"]
[EventType "swiss"]
[EventRounds "9"]
[EventCountry "GER"]
[SourceTitle "EXT 2017"]
[Source "ChessBase"]
[SourceDate "2016.10.25"]
[SourceVersion "1"]
[SourceVersionDate "2016.10.25"]
[SourceQuality "1"]

1. e4 e6 2. d4 d5 3. Nc3 Bb4 4. e5 c5 5. a3 Bxc3+ 6. bxc3 Ne7 7. f4 c4 8. Rb1 Qa5 9. Qd2 Nd7 10. Be2 Nb6 11. Bg4 Na4 12. Ne2 0-0 13. 0-0 f6 14. Qe3 f5 15. Bh3 b5 16. Kh1 Bd7 17. g4 Rf7 18. Bd2 Nb6 19. gxf5 Nxf5 20. Bxf5 Rxf5 21. Ng3 Rff8 22. f5 exf5 23. e6 f4 24. Qe5 fxg3 25. exd7 Nxd7 26. Qxd5+ Kh8 27. Qxd7 Qxa3 28. Ra1 Qb2 29. Rxf8+ Rxf8 30. Re1 Qxc2 31. Qf7 Rg8 32. Re8 Qd1+ 33. Be1 g2+ 34. Kg1 1-0

[Event "Wuerttemberg-ch KT"]
[Site "Gruenbach"]
[Date "2014.08.30"]
[Round "1"]
[White "Stark, Sven"]
[Black "Walter, Kevin"]
[Result "0-1"]
[WhiteElo "1841"]
[BlackElo "2056"]
[PlyCount "110"]
[EventDate "2014.08.30"]
[EventType "swiss"]
[EventRounds "9"]
[EventCountry "GER"]
[SourceTitle "EXT 2017"]
[Source "ChessBase"]
[SourceDate "2016.10.25"]
[SourceVersion "1"]
[SourceVersionDate "2016.10.25"]
[SourceQuality "1"]

1. e4 c5 2. Nf3 d6 3. d4 cxd4 4. Nxd4 Nf6 5. Nc3 a6 6. Be2 e6 7. 0-0 Qc7 8. Be3 Nbd7 9. f4 b5 10. Bf3 Bb7 11. f5 e5 12. Nb3 Be7 13. Qd3 0-0 14. Nd5 Bxd5 15. exd5 Rac8 16. c3 Nb6 17. Nd2 Nc4 18. Nxc4 Qxc4 19. Qxc4 bxc4 20. Bg5 Nxd5 21. Bxd5 Bxg5 22. Rfe1 Rc5 23. Rad1 Rb8 24. Re2 Kf8 25. g3 Ke7 26. h4 Bh6 27. Rc2 Rbb5 28. Bg2 f6 29. Rb1 d5 30. Bf1 Rb6 31. Rd1 Rbc6 32. Bg2 Be3+ 33. Kf1 Rd6 34. Re2 d4 35. cxd4 exd4 36. g4 Rd7 37. Bf3 Re5 38. Rde1 Bf4 39. Rxe5+ fxe5 40. Be4 h6 41. Rb1 Rc7 42. Ke2 Kd6 43. Rg1 d3+ 44. Kf3 d2 45. Ke2 c3 46. bxc3 Rxc3 47. Bd3 a5 48. Rf1 Kd5 49. Bb5 Kd4 50. Ba4 Re3+ 51. Kd1 Kc3 52. Bc6 e4 53. Bxe4 Rxe4 54. Rf3+ Re3 55. Rxe3+ Bxe3 0-1

[Event "GER-ch U25 op-A"]
[Site "Oberhof"]
[Date "2013.05.22"]
[Round "6"]
[White "Werner, Justus"]
[Black "Stark, Sven"]
[Result "1/2-1/2"]
[WhiteElo "1652"]
[BlackElo "1862"]
[PlyCount "42"]
[EventDate "2013.05.19"]
[EventType "swiss"]
[EventRounds "9"]
[EventCountry "GER"]
[SourceTitle "CBM 154 Extra"]
[Source "ChessBase"]
[SourceDate "2013.06.25"]
[SourceVersion "2"]
[SourceVersionDate "2013.06.25"]
[SourceQuality "1"]

1. c4 c5 2. Nc3 Nc6 3. g3 e6 4. Bg2 Be7 5. Nf3 Nf6 6. 0-0 d5 7. cxd5 exd5 8. d4 0-0 9. Be3 cxd4 10. Nxd4 Be6 11. Rc1 Nxd4 12. Bxd4 Qa5 13. Qb3 b6 14. Rfd1 Rac8 15. Qb5 Qxb5 16. Nxb5 Bc5 17. e3 a6 18. Nc3 Bxd4 19. Rxd4 Rc4 20. Rcd1 Rxd4 21. Rxd4 Rc8 1/2-1/2

[Event "Dresden ZMD op"]
[Site "Dresden"]
[Date "2009.07.30"]
[Round "6"]
[White "Stark, Sven"]
[Black "Scharff, Klaus"]
[Result "0-1"]
[WhiteElo "1825"]
[BlackElo "2058"]
[PlyCount "82"]
[EventDate "2009.07.25"]
[EventType "swiss"]
[EventRounds "9"]
[EventCountry "GER"]
[SourceTitle "CBM 131 Extra"]
[Source "ChessBase"]
[SourceDate "2009.09.03"]
[SourceVersion "2"]
[SourceVersionDate "2009.09.16"]
[SourceQuality "1"]

1. e4 e6 2. d4 d6 3. f4 g6 4. Nf3 Bg7 5. Nc3 Ne7 6. Bd3 d5 7. Be3 Nd7 8. 0-0 dxe4 9. Nxe4 b6 10. c3 Bb7 11. Ne5 0-0 12. Qe1 Nf5 13. Rd1 Qe7 14. Bf2 Rad8 15. g4 Nd6 16. Bh4 f6 17. Nf3 Rde8 18. Nxd6 Qxd6 19. Qg3 Qc6 20. Qh3 b5 21. f5 exf5 22. gxf5 g5 23. Bg3 Re3 24. Ne1 Rfe8 25. Rd2 h5 26. Qg2 Qb6 27. Qf2 h4 28. Bxc7 Qxc7 29. Bxb5 R8e4 30. d5 Bf8 31. Bxd7 Qxd7 32. Ng2 Rh3 33. Re1 Rxe1+ 34. Nxe1 Bd6 35. Qf1 Bc5+ 36. Kg2 g4 37. Qc4 Qxf5 38. Qxc5 Qf4 39. Nf3 Rxf3 40. Rd3 Rh3 41. Rd1 Rxh2+ 0-1

[Event "GER-ch U25 op"]
[Site "Willingen"]
[Date "2009.05.31"]
[Round "2"]
[White "Siebarth, Marco"]
[Black "Stark, Sven"]
[Result "1-0"]
[WhiteElo "2031"]
[BlackElo "1763"]
[PlyCount "87"]
[EventDate "2009.05.30"]
[EventType "swiss"]
[EventRounds "9"]
[EventCountry "GER"]
[SourceTitle "EXT 2010"]
[Source "ChessBase"]
[SourceDate "2010.11.25"]
[SourceVersion "1"]
[SourceVersionDate "2010.11.25"]
[SourceQuality "1"]

1. f4 d5 2. Nf3 Nc6 3. b3 Bf5 4. Bb2 e6 5. e3 Nf6 6. Bb5 a6 7. Bxc6+ bxc6 8. Ne5 Ne4 9. 0-0 c5 10. d3 Nf6 11. Nd2 h5 12. Qe2 Ng4 13. e4 Bh7 14. Nxg4 hxg4 15. exd5 Qxd5 16. Qxg4 Bf5 17. Qf3 c6 18. Rae1 Rh6 19. Nc4 Qxf3 20. Rxf3 f6 21. h3 Kf7 22. g4 Bh7 23. Kg2 Re8 24. Rfe3 Bg8 25. Na5 Bd6 26. f5 e5 27. Nxc6 Kf8 28. c4 Rc8 29. Na5 Bc7 30. Nb7 Ke8 31. Ba3 Rb8 32. Nxc5 Ba5 33. R1e2 Bc3 34. Na4 Bd4 35. Re4 Kd8 36. Bc5 Bxc5 37. Nxc5 a5 38. d4 Rc8 39. Rd2 Kc7 40. dxe5 fxe5 41. Rxe5 Kb8 42. Nd7+ Kb7 43. Rb5+ Ka6 44. Nc5+ 1-0